000 00333nam a22001457a 4500
008 230703b ||||| |||| 00| 0 eng d
020 _a9781609136918
041 _aeng
080 _24 EDITION
_a610.73
082 _a610.73HAR
100 _a4
101 _aINF
245 _aLPN TO RN TRANSITIONS
_cHARRINGTON.N
942 _2udc
_cBK
999 _c60086
_d60086